000 01322nam a22003377a 4500
001 000585
003 DO-SdBNP
005 20240422093156.0
007 000585
008 161021b1988 sp a |||| 00| 0 spa d
020 _a8420446211 833.91
040 _aBPMSU
_bspa
_cBPMSU
082 4 _a833.91
_bS697p 1988
_222
100 1 _aSommer-Bodenburg, Angela,
_d1948-
245 1 0 _aEl pequeño vampiro y los visitantes /
_cAngela Sommer-Bodenburg ; traducción de José Miguel Rodríguez Clemente ; ilustraciones de Amelie Glienke.
260 _aMadrid :
_bAlfaguara,
_c1988
300 _a187 p. :
_bil. ;
_c19 cm.
490 0 _aJuvenil alfaguara,
_v344
500 _aIncluye datos biográficos del autor en la solapa de la contracubierta
500 _aLa biblioteca posee la 4ta. reimpresión del 1991.
500 _aLa biblioteca posee 1 ejemplar de la cuarta reimpresión. Noviembre 1991
500 _aTraucción de: Der kleine Vampir in Jammertal.
534 _pTìtulo original :
_tDer kleine Vampir in Jammertal
590 _aInventariado, 2024/VM
650 4 _aCuentos infantiles alemanes
650 4 _aLibros infantiles y juveniles
700 1 _aRodríguez Clemente, José Miguel,
_etraductor
700 1 _aGlienke, Amelie,
_eil.
910 _aVMateo V. Control de calidad. BPMSU
942 _2ddc
_cBK
999 _c11643
_d11643